00587nam a2200181Ia 450000500170000000800410001704000190005804100120007708200160008910000270010524500860013226000320021830000270025050400500027765000400032765100280036785000100039520230613104829.0131103s9999 xx 000 0 und d aLoreto College aEnglish a940.28bALB aAlbrecht - Carrie,Rene 2aA Diplomatic history of Europe since the Congress of ViennacRene Albert - Carrie aLondonbMethuen & Co.c1958 axvi,736 p.b ill.,maps aIncludes bibliographical references and index aModern History - Congress of Vienna aEurope - Modern History aLCLIB